000 01939nam0a2200349 4500
001 RU\NLR\bibl\56766
005 20260407044731.0
010 _a5-8078-0049-4
_91000
021 _aRU
_b99-37392
_91843
035 _a(NLR Aleph) 000055366
090 _a298959
_c298959
100 _a19991103d1999 |||y0rusy50 ca
101 0 _arus
102 _aRU
105 _ay |||||||||
200 1 _aКонституционные и уставные суды субъектов Российской Федерации
_eСравн. исслед. законодательства и судеб. практики. Нормат. акты
_fОтд. по обеспечению деятельности полномоч. представителя Президента Рос. Федерации в Конституц. суде Рос. Федерации
_e[Авт. и сост. Боброва В.К. и др.]
_gОтв. ред. проф., Засл. юрист Рос. Федерации М.А. Митюков
210 _aМ.
_cЗерцало
_d1999
215 _a469 с.
_d22
225 1 _aУчебное пособие
320 _aБиблиогр. в подстроч. прим.
606 0 _aКонституционные суды
_xСубъекты
_yРоссийская Федерация
_92124696
_3RU\NLR\auth\661282607
686 _aХ620.141
686 _aХ620.4
702 1 _aБоброва
_bВ. К.
_4220
702 1 _aМитюков
_bМ. А.
_4340
712 0 1 _4570
_aРоссийская Федерация
_bПрезидент
_c1991-1999; Б. Н. Ельцин
_bОтдел по обеспечению деятельности полномочного представителя Президента РФ в Конституционном суде РФ
_3RU\NLR\AUTH\8810017417
_9532674
801 0 _aRU
_bNLR
_c19991103
_gPSBO
801 1 _aRU
_bNLR
_c19991103
852 _aNLR
_j99-5/3514
942 _cBOOK
980 _aNB